000 00569nam a2200217Ia 4500
003 OSt
005 20220918192320.0
006 a|||||r|||| 00| 0
007 ta
008 220917b |||||||| |||| 00| 0 eng d
024 _a67,849
037 _cTextual
040 _aARTS
_cARTS
_beng
041 _2eng
_aeng
082 _aR3xM592:9, E2
100 _aElliot Hugh S R
_978895
245 0 _aModern science and the illusions of Professor Bergson
260 _c1912
942 _hR3xM592:9, E2
_cTEXL
_2CC
999 _c194081
_d194081